[Event "4NCL Division 1 & 2"]
[Site "Daventry, ENG"]
[Date "2022.02.12"]
[Round "3.124"]
[White "Mason, Donald J"]
[Black "Newton, Robert A"]
[Result "0-1"]
[WhiteElo "2157"]
[BlackElo "1972"]
[PlyCount "86"]
[EventDate "2022.02.12"]
[WhiteTeam "Warwickshire Select 1"]
[BlackTeam "Manchester Manticores 1"]

1. e4 c5 2. Nc3 g6 3. g3 Bg7 4. Bg2 Nc6 5. d3 d6 6. f4 e6 7. Nf3 Nge7 8. O-O a6
9. Be3 Qc7 10. Qd2 b6 11. Rad1 Bb7 12. Qf2 Rd8 13. d4 O-O 14. e5 dxe5 15. dxc5
Rxd1 16. Rxd1 bxc5 17. fxe5 Nd4 18. Nxd4 cxd4 19. Bxd4 Bxg2 20. Qxg2 Nf5 21.
Bf2 Bxe5 22. g4 Ne7 23. Rd3 Rb8 24. Bg3 Rxb2 25. Qa8+ Kg7 26. Qe4 Bxg3 27. Rxg3
Qc5+ 28. Kf1 Rb4 29. Qe1 Rxg4 30. h3 Rf4+ 31. Kg2 Nf5 32. Rd3 Qc6+ 33. Kh2 Qc7
34. Kh1 Rc4 35. a4 h5 36. Kg2 h4 37. Kh1 Ng3+ 38. Kg2 Qc6+ 39. Kh2 f6 40. Re3
e5 41. Rd3 e4 42. Re3 Qc5 43. Kg2 f5 0-1

[Event "4NCL Division 1 & 2"]
[Site "Daventry, ENG"]
[Date "2022.02.12"]
[Round "3.125"]
[White "Kay, Lee P"]
[Black "James, Russell A"]
[Result "0-1"]
[WhiteElo "1957"]
[BlackElo "2129"]
[PlyCount "46"]
[EventDate "2022.02.12"]
[WhiteTeam "Manchester Manticores 1"]
[BlackTeam "Warwickshire Select 1"]

1. d4 Nf6 2. Bg5 d5 3. Bxf6 exf6 4. e3 c5 5. c3 Qb6 6. Qb3 Nc6 7. Ne2 Bd6 8.
Nd2 Be6 9. g3 O-O 10. Bg2 Qa6 11. Nf4 Bxf4 12. gxf4 cxd4 13. cxd4 Rac8 14. Bf1
Qa5 15. a3 Rfe8 16. Qb5 Qc7 17. Nb3 Bf5 18. Kd2 a6 19. Qe2 Qb6 20. Qd1 Na5 21.
Nxa5 Qxb2+ 22. Ke1 Qc3+ 23. Ke2 Bg4+ 0-1

[Event "4NCL Division 1 & 2"]
[Site "Daventry, ENG"]
[Date "2022.02.12"]
[Round "3.126"]
[White "Paterson, Andrew I"]
[Black "Lyth, John D"]
[Result "1-0"]
[WhiteElo "2163"]
[BlackElo "1945"]
[PlyCount "103"]
[EventDate "2022.02.12"]
[WhiteTeam "Warwickshire Select 1"]
[BlackTeam "Manchester Manticores 1"]

1. d4 d5 2. c4 c6 3. cxd5 cxd5 4. Nf3 Nc6 5. Nc3 Nf6 6. Bf4 Bf5 7. e3 e6 8. Bb5
Nd7 9. Qa4 Qb6 10. O-O Be7 11. Rac1 O-O 12. a3 Rfc8 13. Na2 a6 14. Bxc6 Rxc6
15. Rxc6 bxc6 16. Nb4 Bxb4 17. axb4 Bd3 18. Qa3 Bc4 19. Qc3 h6 20. h3 Re8 21.
Kh2 Qd8 22. g4 f6 23. Bg3 Qe7 24. Rg1 Nf8 25. Nd2 Qb7 26. Re1 Qf7 27. Nb3 Nd7
28. Na5 Nb6 29. Nb3 Nd7 30. Kg2 Qg6 31. Rc1 e5 32. Na5 exd4 33. exd4 f5 34.
gxf5 Qxf5 35. Nxc6 Kh7 36. Ne5 Nf6 37. f3 Nh5 38. Qc2 Qxc2+ 39. Rxc2 Re7 40.
Rc1 Rb7 41. b3 Be2 42. Nc6 Bb5 43. Be5 Kg6 44. Nd8 Bd7 45. Rc5 Rxb4 46. Rxd5
Bb5 47. Rd6+ Kf5 48. Ne6 Rxb3 49. Nxg7+ Nxg7 50. Bxg7 Be2 51. Rf6+ Kg5 52. f4+
1-0

[Event "4NCL Division 1 & 2"]
[Site "Daventry, ENG"]
[Date "2022.02.12"]
[Round "3.127"]
[White "Pelling, Kyle"]
[Black "Page, Mark E"]
[Result "0-1"]
[WhiteElo "1929"]
[BlackElo "2115"]
[PlyCount "83"]
[EventDate "2022.02.12"]
[WhiteTeam "Manchester Manticores 1"]
[BlackTeam "Warwickshire Select 1"]

1. e4 c5 2. Nf3 Nf6 3. e5 Nd5 4. Nc3 e6 5. Nxd5 exd5 6. d4 Nc6 7. c3 cxd4 8.
cxd4 d6 9. Bd2 dxe5 10. Nxe5 Qb6 11. Nxc6 bxc6 12. Qc2 Bb4 13. O-O-O Bxd2+ 14.
Rxd2 O-O 15. Bd3 h6 16. Re1 Ba6 17. Bxa6 Qxa6 18. b3 Rac8 19. Kb2 Qb6 20. Qc5
Qxc5 21. dxc5 Rfe8 22. Rde2 Rxe2+ 23. Rxe2 Kf8 24. b4 a5 25. a3 axb4 26. a4 Re8
27. Rc2 Ke7 28. Kb3 Kd7 29. Kxb4 Kc7 30. Kb3 Kb7 31. Kc3 Re4 32. Kb3 Ka6 33. f3
Re1 34. Ra2 Ka5 35. Kc3 Rc1+ 36. Kb3 Rxc5 37. Re2 d4 38. Rd2 Rc3+ 39. Kb2 c5
40. Re2 Re3 41. Rd2 Kxa4 42. Kc2 0-1

[Event "4NCL Division 1 & 2"]
[Site "Daventry, ENG"]
[Date "2022.02.12"]
[Round "3.128"]
[White "Shearsby, Jude"]
[Black "Whitehead, Mark A"]
[Result "1-0"]
[WhiteElo "2004"]
[BlackElo "1934"]
[PlyCount "71"]
[EventDate "2022.02.12"]
[WhiteTeam "Warwickshire Select 1"]
[BlackTeam "Manchester Manticores 1"]

1. e4 c5 2. Nf3 e6 3. d3 Nc6 4. g3 d6 5. Bg2 g6 6. O-O Bg7 7. c3 Nge7 8. Be3
O-O 9. Na3 b6 10. d4 Bb7 11. Qc2 cxd4 12. Nxd4 Nxd4 13. Bxd4 Bxd4 14. cxd4 Qd7
15. Qd2 Kg7 16. Nc2 Rac8 17. Ne3 f5 18. f3 Rc7 19. Nd1 Rfc8 20. Nc3 d5 21. Rfd1
h6 22. e5 Ba6 23. Rac1 Nc6 24. b3 Na5 25. Bf1 Bxf1 26. Kxf1 b5 27. Ne2 Nb7 28.
Nf4 a5 29. Kg2 b4 30. Rxc7 Rxc7 31. Rc1 Rxc1 32. Qxc1 g5 33. Qc7 Qf7 34. Nxe6+
Kg6 35. Qxf7+ Kxf7 36. Nc7 1-0

[Event "4NCL Division 1 & 2"]
[Site "Daventry, ENG"]
[Date "2022.02.12"]
[Round "3.131"]
[White "Kenworthy, Gary"]
[Black "Modi, Shyam Jagdish"]
[Result "1/2-1/2"]
[WhiteElo "2256"]
[BlackElo "2243"]
[PlyCount "59"]
[EventDate "2022.02.12"]
[WhiteTeam "Kings Head"]
[BlackTeam "The Sharks 2"]

1. e4 c5 2. Nf3 e6 3. c3 Nf6 4. e5 Nd5 5. d4 cxd4 6. cxd4 d6 7. Nc3 Nxc3 8.
bxc3 Qc7 9. exd6 Bxd6 10. Bd2 Nd7 11. Bd3 O-O 12. O-O Nf6 13. Re1 b6 14. c4 Bb7
15. Bg5 Be7 16. Qe2 Ng4 17. Bxe7 Qxe7 18. d5 Nf6 19. dxe6 Bxf3 20. exf7+ Qxf7
21. Qxf3 Rfe8 22. g3 Qc7 23. Rad1 Rad8 24. Bf1 Rxd1 25. Rxe8+ Nxe8 26. Qxd1 Nf6
27. Qd4 Kf8 28. h3 Qe7 29. Qe3 Qd6 30. Qd3 1/2-1/2

[Event "4NCL Division 1 & 2"]
[Site "Daventry, ENG"]
[Date "2022.02.12"]
[Round "3.132"]
[White "Williams, Samuel G"]
[Black "Lewis, Alex"]
[Result "1-0"]
[WhiteElo "2239"]
[BlackElo "2135"]
[PlyCount "93"]
[EventDate "2022.02.12"]
[WhiteTeam "The Sharks 2"]
[BlackTeam "Kings Head"]

1. d4 Nf6 2. c4 g6 3. Nc3 Bg7 4. e4 d6 5. h3 O-O 6. Be3 e5 7. d5 c5 8. g4 Kh8
9. Nge2 Ng8 10. Ng3 Bh6 11. Bxh6 Nxh6 12. Qd2 Ng8 13. Bd3 a6 14. Nce2 Nd7 15.
a4 Rb8 16. Qc3 Qb6 17. f4 Qb4 18. f5 f6 19. h4 Rf7 20. Kf2 Qxc3 21. Nxc3 Nf8
22. Be2 Bd7 23. Nf1 h5 24. Ne3 hxg4 25. Rag1 Nh6 26. Nxg4 Kh7 27. Nxh6 Kxh6 28.
Bg4 b5 29. fxg6 Nxg6 30. Bxd7 Rxd7 31. axb5 Nf4 32. Ke3 axb5 33. cxb5 c4 34.
Kd2 Nd3 35. Kc2 Rf7 36. Rf1 Nf4 37. Ra1 f5 38. Ra6 Rd8 39. exf5 Rxf5 40. Rc6
Ng2 41. Nd1 e4 42. Rg1 Nxh4 43. Ne3 Rf2+ 44. Kc1 Re2 45. Nxc4 e3 46. Nxd6 Kh5
47. Nf7 1-0

[Event "4NCL Division 1 & 2"]
[Site "Daventry, ENG"]
[Date "2022.02.12"]
[Round "3.133"]
[White "Mackenzie, Colin"]
[Black "Murphy, Hugh W"]
[Result "0-1"]
[WhiteElo "2028"]
[BlackElo "2178"]
[PlyCount "46"]
[EventDate "2022.02.12"]
[WhiteTeam "Kings Head"]
[BlackTeam "The Sharks 2"]

1. c4 e5 2. g3 Nc6 3. Bg2 f5 4. Nc3 Nf6 5. d3 Bc5 6. e3 d6 7. a3 f4 8. Na4 fxe3
9. fxe3 O-O 10. h3 Qe8 11. Ne2 a5 12. Nxc5 dxc5 13. O-O Qh5 14. h4 Bg4 15. Re1
Rad8 16. Qc2 Bf3 17. Nc3 Bxg2 18. Kxg2 e4 19. dxe4 Ng4 20. Re2 Qf7 21. Re1 Qf3+
22. Kh3 Nf2+ 23. Kh2 Ne5 0-1

[Event "4NCL Division 1 & 2"]
[Site "Daventry, ENG"]
[Date "2022.02.12"]
[Round "3.134"]
[White "Bourke, Alex"]
[Black "Lentzos, Ioanis"]
[Result "0-1"]
[WhiteElo "1853"]
[BlackElo "2138"]
[PlyCount "84"]
[EventDate "2022.02.12"]
[WhiteTeam "Kings Head"]
[BlackTeam "The Sharks 2"]

1. e4 c5 2. Nf3 e6 3. c4 Nc6 4. d4 cxd4 5. Nxd4 Nf6 6. Nc3 Bb4 7. Nxc6 bxc6 8.
Bd3 e5 9. O-O O-O 10. Bd2 Bc5 11. Rb1 a5 12. a3 Rb8 13. Na4 Bd4 14. b4 axb4 15.
axb4 d5 16. exd5 cxd5 17. c5 Bg4 18. Be2 Bf5 19. Rc1 Ne4 20. Be3 Rxb4 21. Bf3
Qd7 22. Bxe4 Bxe4 23. Nb6 Qc6 24. Bxd4 Rxd4 25. Qb3 Rd3 26. Qa4 Qg6 27. f3 Rxf3
28. Rxf3 Bxf3 29. Qa2 d4 30. Nd7 Re8 31. Re1 Bc6 32. Nxe5 Qf6 33. Rf1 Qe6 34.
Qf2 Bb5 35. Rb1 Qxe5 36. Rxb5 Ra8 37. g3 g6 38. h4 Ra1+ 39. Kh2 Qd5 40. Kh3
Rh1+ 41. Kg4 h5+ 42. Kf4 Qf5# 0-1

[Event "4NCL Division 1 & 2"]
[Site "Daventry, ENG"]
[Date "2022.02.12"]
[Round "3.135"]
[White "Bremner, Adam"]
[Black "Ogunshola, Ben"]
[Result "1/2-1/2"]
[WhiteElo "2171"]
[BlackElo "2218"]
[PlyCount "82"]
[EventDate "2022.02.12"]
[WhiteTeam "The Sharks 2"]
[BlackTeam "Check Inn"]

1. c4 c5 2. g3 g6 3. Bg2 Bg7 4. Nf3 Nc6 5. O-O d6 6. Nc3 Rb8 7. b3 a6 8. Bb2 b5
9. d3 b4 10. Na4 Bxb2 11. Nxb2 e5 12. e3 Bg4 13. h3 Bxf3 14. Qxf3 Nge7 15. Qf6
O-O 16. h4 Qd7 17. h5 Qe6 18. Qxe6 fxe6 19. hxg6 hxg6 20. Bh3 Rf6 21. Kg2 Nf5
22. Rh1 Kg7 23. Rh2 Rh8 24. Na4 g5 25. Bxf5 Rxh2+ 26. Kxh2 exf5 27. Nb6 Rf8 28.
Nd5 Kf7 29. a3 bxa3 30. Rxa3 a5 31. Kg2 Rb8 32. Kf3 Nb4 33. Nxb4 g4+ 34. Ke2
axb4 35. Ra6 Ke7 36. d4 Rc8 37. Ra7+ Kf6 38. Ra6 Ke7 39. Kd3 Rc7 40. Ra8 Kf7
41. d5 e4+ 1/2-1/2

[Event "4NCL Division 1 & 2"]
[Site "Daventry, ENG"]
[Date "2022.02.12"]
[Round "3.136"]
[White "Rabbitt, Michael"]
[Black "Kueh, Audrey"]
[Result "0-1"]
[WhiteElo "2018"]
[BlackElo "2117"]
[PlyCount "34"]
[EventDate "2022.02.12"]
[WhiteTeam "Check Inn"]
[BlackTeam "The Sharks 2"]

1. e4 c6 2. d4 d5 3. f3 dxe4 4. fxe4 e5 5. Nf3 Bg4 6. Bc4 Nd7 7. c3 Bd6 8. O-O
Ngf6 9. Qb3 O-O 10. Qxb7 Bxf3 11. gxf3 exd4 12. cxd4 Nxe4 13. fxe4 Qh4 14. Rf2
Nc5 15. Rxf7 Qxh2+ 16. Kf1 Nxb7 17. Rf2+ Kh8 0-1

[Event "4NCL Division 1 & 2"]
[Site "Daventry, ENG"]
[Date "2022.02.12"]
[Round "3.137"]
[White "Birtwistle, Nigel"]
[Black "Headlong, Fenella"]
[Result "1-0"]
[WhiteElo "2167"]
[BlackElo "1788"]
[PlyCount "75"]
[EventDate "2022.02.12"]
[WhiteTeam "The Sharks 2"]
[BlackTeam "Check Inn"]

1. Nf3 d5 2. c4 e6 3. g3 Nf6 4. Bg2 Be7 5. O-O O-O 6. d4 Nbd7 7. Qc2 c6 8. Nbd2
b6 9. e4 Bb7 10. e5 Ne8 11. cxd5 cxd5 12. Re1 Qc7 13. Qd3 a5 14. Nf1 Ba6 15.
Qd1 b5 16. a3 b4 17. a4 Rc8 18. Ne3 Nb6 19. b3 Qc3 20. Bd2 Qc6 21. Rc1 Qd7 22.
Rxc8 Qxc8 23. Qb1 Qd7 24. h4 f6 25. exf6 Nxf6 26. Ne5 Qd6 27. Rc1 Nc4 28. bxc4
dxc4 29. N3xc4 Qxd4 30. Be3 Qd8 31. Nc6 Qe8 32. Nxe7+ Qxe7 33. Nxa5 Ng4 34. Bc5
Qf6 35. Qxb4 Nxf2 36. Bxf8 Nd3 37. Qc3 Qf2+ 38. Kh2 1-0

[Event "4NCL Division 1 & 2"]
[Site "Daventry, ENG"]
[Date "2022.02.12"]
[Round "3.138"]
[White "Kafka, Graeme"]
[Black "Fernando, Manel"]
[Result "1-0"]
[WhiteElo "2033"]
[BlackElo "1588"]
[PlyCount "37"]
[EventDate "2022.02.12"]
[WhiteTeam "The Sharks 2"]
[BlackTeam "Check Inn"]

1. e4 e5 2. Nf3 Nc6 3. Bb5 d6 4. c3 Bd7 5. d4 a6 6. Ba4 Be7 7. Be3 Nf6 8. Nbd2
O-O 9. h3 Re8 10. O-O Bf8 11. Bb3 exd4 12. cxd4 Nxe4 13. Nxe4 Rxe4 14. Ng5 Re7
15. Qh5 Bf5 16. Nxf7 Qb8 17. Qxf5 g6 18. Nd8+ Kh8 19. Qxf8# 1-0

[Event "4NCL Division 1 & 2"]
[Site "Daventry, ENG"]
[Date "2022.02.12"]
[Round "3.139"]
[White "Martin, Lewis"]
[Black "Guthrie, David"]
[Result "1-0"]
[WhiteElo "2268"]
[BlackElo "2139"]
[PlyCount "69"]
[EventDate "2022.02.12"]
[WhiteTeam "Check Inn"]
[BlackTeam "Kings Head"]

1. e4 e5 2. Nf3 Nc6 3. Bb5 a6 4. Ba4 Nf6 5. O-O Be7 6. Re1 b5 7. Bb3 O-O 8. a4
Bb7 9. d3 d6 10. c3 Nd7 11. d4 Bf6 12. d5 Ne7 13. axb5 axb5 14. Rxa8 Qxa8 15.
Na3 Ba6 16. Be3 c5 17. dxc6 Qxc6 18. Nc2 Bb7 19. Nb4 Qxe4 20. Qxd6 Qg6 21. Nd5
Nxd5 22. Bxd5 Bc8 23. Qc6 Qg4 24. Qxb5 e4 25. Qc4 Ne5 26. Nxe5 Bxe5 27. Qxe4
Qh5 28. f4 Bd6 29. c4 Bf5 30. Qf3 Bg4 31. Qg3 Rb8 32. Bd4 Bb4 33. Re5 Qg6 34.
f5 Bxf5 35. Rxf5 1-0

[Event "4NCL Division 1 & 2"]
[Site "Daventry, ENG"]
[Date "2022.02.12"]
[Round "3.140"]
[White "Thatte, Nishchal"]
[Black "Parker, Francis"]
[Result "1-0"]
[WhiteElo "2042"]
[BlackElo "2094"]
[PlyCount "91"]
[EventDate "2022.02.12"]
[WhiteTeam "Kings Head"]
[BlackTeam "Check Inn"]

1. d4 d5 2. c4 c6 3. Nf3 e6 4. Qc2 dxc4 5. Qxc4 Nf6 6. Bg5 Qa5+ 7. Nbd2 Nbd7 8.
a3 Bd6 9. Qc2 Qf5 10. e4 Qg6 11. Bd3 e5 12. Nc4 Bc7 13. O-O O-O 14. Bh4 Qh5 15.
Bg3 Re8 16. dxe5 Ng4 17. e6 Bxg3 18. exf7+ Qxf7 19. fxg3 Qe7 20. e5 Qc5+ 21.
Kh1 Nf8 22. Ng5 Be6 23. Bxh7+ Kh8 24. Nd6 Qxc2 25. Bxc2 Re7 26. Rf4 Ne3 27.
Nxe6 Nxe6 28. Rh4+ Kg8 29. Bh7+ Kh8 30. Bg6+ Kg8 31. Re4 Nd5 32. Rf1 Ng5 33.
Rh4 Ne3 34. Rf2 Rxe5 35. Nf7 Nxf7 36. Bxf7+ Kf8 37. Rh8+ Ke7 38. Rxa8 Rc5 39.
Re8+ Kd7 40. Rd2+ Kc7 41. Kg1 Rc1+ 42. Kf2 Ng4+ 43. Kf3 Nxh2+ 44. Ke4 Nf1 45.
Re7+ Kb6 46. Rdd7 1-0

[Event "4NCL Division 1 & 2"]
[Site "Daventry, ENG"]
[Date "2022.02.12"]
[Round "3.141"]
[White "Ashworth, Robert"]
[Black "Borrowdale, Graham E"]
[Result "1-0"]
[WhiteElo "1880"]
[BlackElo "1994"]
[PlyCount "87"]
[EventDate "2022.02.12"]
[WhiteTeam "Check Inn"]
[BlackTeam "Kings Head"]

1. e4 e6 2. d4 d5 3. Nd2 Nf6 4. e5 Nfd7 5. Bd3 c5 6. c3 Nc6 7. Ne2 cxd4 8. cxd4
f6 9. exf6 Nxf6 10. Nf3 Bd6 11. O-O O-O 12. Bg5 Qc7 13. Qc2 h6 14. Bh4 Nh5 15.
Bg3 Nxg3 16. hxg3 e5 17. dxe5 Nxe5 18. Ned4 Qxc2 19. Bxc2 Nxf3+ 20. Nxf3 Bg4
21. Bb3 Rxf3 22. gxf3 Bxf3 23. Rfe1 Bc5 24. Re5 Rd8 25. Rf5 Be4 26. Re5 Bf3 27.
Rf5 Be4 28. Rf4 Kh7 29. Rd1 Rd6 30. Kf1 g5 31. Rf7+ Kg6 32. Rc7 Bb6 33. Re7 Kf5
34. Rd2 d4 35. Bc2 d3 36. Ba4 Ba5 37. Rd1 d2 38. Ke2 g4 39. Bd7+ Rxd7 40. Rxd7
Bf3+ 41. Ke3 Bb6+ 42. Kxd2 Bxd1 43. Kxd1 Bxf2 44. Rf7+ 1-0

[Event "4NCL Division 1 & 2"]
[Site "Daventry, ENG"]
[Date "2022.02.12"]
[Round "3.142"]
[White "Headlong, Georgia"]
[Black "Badacsonyi, Frankie"]
[Result "0-1"]
[WhiteElo "1790"]
[BlackElo "1622"]
[PlyCount "108"]
[EventDate "2022.02.12"]
[WhiteTeam "Check Inn"]
[BlackTeam "Kings Head"]

1. e4 e6 2. d4 d5 3. exd5 exd5 4. Nf3 Nc6 5. Bd3 Bg4 6. c3 Bd6 7. O-O Nge7 8.
Nbd2 Qd7 9. Qc2 O-O-O 10. b4 Bf5 11. a4 Bxd3 12. Qxd3 Qf5 13. Qxf5+ Nxf5 14.
Nb3 f6 15. b5 Nce7 16. Ba3 h5 17. Rfe1 g5 18. Bxd6 Rxd6 19. Re2 b6 20. a5 Kd7
21. axb6 axb6 22. Nfd2 Re6 23. Nc1 Nd6 24. Rxe6 Kxe6 25. Ne2 Nxb5 26. Rb1 Nd6
27. Ra1 Nb5 28. Rb1 Ra8 29. Nf1 Nd6 30. Ne3 Nef5 31. Kf1 Ne4 32. Ke1 Ra2 33.
Nxf5 Kxf5 34. Ng3+ Nxg3 35. hxg3 Ke4 36. Rd1 Rc2 37. Rb1 Rxc3 38. Kd2 Kxd4 39.
Rb4+ Rc4 40. Rb3 Ra4 41. Rd3+ Ke5 42. Re3+ Kd6 43. Rb3 Ra8 44. Kd3 Rb8 45. Kc3
c5 46. Rb5 Kc6 47. Rb2 d4+ 48. Kd3 b5 49. Rb1 Kd5 50. Re1 c4+ 51. Kc2 d3+ 52.
Kb2 Kd4 53. Rd1 c3+ 54. Kc1 Ra8 0-1